000 01890nam0a2200385 4500
001 RU\NLR\bibl\876044
005 20250614163410.0
010 _a5-94879-336-2
_bв обл.
_95000
021 _aRU
_b2005-47926
_92339
035 _a(nilc)RSL-KNO-002689659
035 _a(NLR Aleph) 000864643
090 _a1561497
_c1561497
100 _a20050725d2005 |||y0rusy50 ca
101 0 _arus
102 _aRU
105 _ay |||||||||
106 _ar
200 1 _aНаследование и завещание: часто задаваемые вопросы, образцы документов
_e[образцы нотар. и судеб. док., рекомендации по оформ. наследств. прав, примеры из адвокат. и нотар. практики]
_fЕ. А. Гречушкина
205 _a2-е изд., перераб. и доп.
210 _aМ.
_cЮрайт
_cФедер. Палата Адвокатов
_d2005
215 _a143 с.
_d16
225 1 _aСам себе адвокат
_vВып. 3
606 1 _aНаследование
_xПравовые вопросы
_yРоссийская Федерация
_92083757
_3RU\NLR\auth\661259827
606 1 _aЗавещания
_xОформление
_yРоссийская Федерация
_92306116
_3RU\NLR\auth\661380399
610 0 _aГосударство и право. Юридические науки -- Гражданское право -- Российская Федерация -- Наследственное право
686 _aХ623.8,0
_2rubbk
686 _aХ623.8
686 _aХ623.84
700 1 _aГречушкина
_bЕ. А.
_gЕкатерина Аркадьевна
_4070
801 0 _aRU
_bRuMoRKP
_c20050725
_grcr
801 1 _aRU
_bRuMoRGB
_c20050725
801 2 _aRU
_bNLR
_c20051122
_grcr
942 _cBOOK
980 _aNB